All Broughton Courses Offered - Statistics

General Stats
  • This quiz has been taken 2 times
  • The average score is 92 of 229
Answer Stats
Answer % Correct
Healthful Living & ROTC AFJROTC I
100%
Healthful Living & ROTC AFJROTC II
100%
Healthful Living & ROTC AFJROTC III
100%
Healthful Living & ROTC AFJROTC IV
100%
Science AP Chemistry
100%
Science AP Environmental Science
100%
World Languages & ESL AP French Language
100%
World Languages & ESL AP German Language
100%
English AP Language
100%
English AP Literature
100%
Humanities AP Psychology
100%
World Languages & ESL AP Spanish Language
100%
Humanities AP US Government and Politics
100%
Humanities AP US History
100%
Humanities AP World History
100%
Science Biology
100%
Science Biology Honors
100%
Science Chemistry
100%
Science Chemistry Honors
100%
English English I
100%
English English I Honors
100%
English English II
100%
English English II Honors
100%
English English III
100%
English English III Honors
100%
English English IV
100%
English English IV Honors
100%
Humanities IB 20th Century History
100%
Science IB Biology HL
100%
Science IB Biology SL
100%
Science IB Chemistry
100%
Humanities IB Economics SL
100%
English IB English HL
100%
English IB English SL
100%
Arts IB Film SL
100%
World Languages & ESL IB French HL
100%
World Languages & ESL IB French SL
100%
World Languages & ESL IB German HL
100%
World Languages & ESL IB German SL
100%
Humanities IB History of the Americas
100%
Math IB Math Analysis and Approaches SL, HL
100%
Math IB Math Applications & Interpretation SL
100%
Arts IB Music
100%
Science IB Physics HL
100%
Science IB Physics SL
100%
World Languages & ESL IB Spanish HL
100%
World Languages & ESL IB Spanish SL
100%
CTE Marketing
100%
Math Math 1
100%
Math Math 2
100%
Math Math 2 Honors
100%
Math Math 3
100%
Math Math 3 Honors
100%
Math Math 4
100%
Math Math 4 Honors
100%
Science Physics
100%
Science Physics Honors
100%
Math Precalculus Honors
100%
Humanities Psychology Honors
100%
World Languages & ESL Spanish I
100%
World Languages & ESL Spanish II
100%
World Languages & ESL Spanish III Honors
100%
World Languages & ESL Spanish IV Honors
100%
Humanities World History
100%
Healthful Living & ROTC AFJROTC III Honors
50%
Healthful Living & ROTC AFJROTC IV Honors
50%
Humanities American History I
50%
Humanities American History I Honors
50%
Humanities American History II
50%
Humanities American History II Honors
50%
Science AP Biology
50%
Math AP Calculus AB
50%
Math AP Calculus BC
50%
CTE AP Computer Science
50%
Humanities AP Human Geography
50%
Science AP Physics
50%
Math AP Statistics
50%
Arts Band I
50%
Arts Band II
50%
Arts Band III Honors
50%
Arts Band IV Honors
50%
World Languages & ESL Chinese I
50%
World Languages & ESL Chinese II
50%
World Languages & ESL Chinese III Honors
50%
Arts Computer Art I
50%
Arts Computer Art II Honors
50%
Special Programs Curriculum Assistance
50%
Science Earth and Environmental Science
50%
Science Earth and Environmental Science Honors
50%
World Languages & ESL French I
50%
World Languages & ESL French II
50%
World Languages & ESL French III Honors
50%
CTE Game Art Design Honors
50%
World Languages & ESL German I
50%
World Languages & ESL German II
50%
World Languages & ESL German III Honors
50%
Healthful Living & ROTC Healthful Living I
50%
World Languages & ESL IB Chinese
50%
Arts IB Dance HL, Company
50%
Arts IB Dance SL, Company
50%
Science IB Environmental Systems and Societies SL
50%
Humanities IB Geography
50%
Humanities IB Global Politics SL
50%
Humanities IB Psychology HL
50%
Humanities IB Psychology SL
50%
Healthful Living & ROTC Lifetime Sports
50%
Magnet Electives Magnet Global Mythology
50%
CTE Principles of Business and Finance
50%
CTE Programming and Broadcasting I
50%
CTE Programming and Broadcasting II
50%
Healthful Living & ROTC Team Sports
50%
Arts Visual Arts I
50%
Arts Visual Arts II
50%
Arts Visual Arts III Honors
50%
Arts Visual Arts IV Honors
50%
Arts Vocal Music I
50%
Arts Vocal Music II
50%
Arts Vocal Music III Honors
50%
Humanities World History Honors
50%
World Languages & ESL Advanced Language Support for ELLs
0%
Healthful Living & ROTC Adventure Education
0%
English African American Literature
0%
English African American Literature Honors
0%
Science Anatomy and Physiology Honors
0%
Arts AP Music Theory
0%
CTE Apparel and Textile Production I
0%
CTE Apparel and Textile Production II Honors
0%
Science Astronomy
0%
CTE Automotive Service Fundamentals
0%
CTE Automotive Service I
0%
CTE Automotive Service II
0%
CTE Business Management
0%
CTE Child Development
0%
CTE Computer Engineering Tech II Honors
0%
Humanities Contemporary Law and Justice Honors
0%
English Creative Writing I Honors
0%
English Creative Writing II Honors
0%
CTE CTE Advanced Studies
0%
CTE CTE Internship Honors
0%
CTE Digital Design and Animation I
0%
CTE Early Childhood Education I
0%
CTE Early Childhood Education II Honors
0%
World Languages & ESL ESL I
0%
World Languages & ESL ESL II
0%
World Languages & ESL ESL III
0%
World Languages & ESL ESL IV
0%
CTE FACS Advanced Study Honors
0%
CTE Fashion Merchandising
0%
CTE Foods and Nutrition I
0%
CTE Foods and Nutrition II
0%
Science Forensic Science Honors
0%
Magnet Electives Foundation of Global Studies
0%
CTE Foundations of Health Science
0%
Math Foundations of Math 1
0%
Math Foundations of Math 2
0%
Humanities Founding Principles: Civic Literacy
0%
Humanities Founding Principles: Civic Literacy Honors
0%
Healthful Living & ROTC Health & Physical Education
0%
Healthful Living & ROTC Healthful Living I Honors
0%
CTE Health Science I Honors
0%
CTE Health Science II Honors
0%
Arts IB Theater Arts HL
0%
Arts IB Theater Arts SL
0%
Humanities IB Theory of Knowledge I
0%
Humanities IB Theory of Knowledge II
0%
Arts IB Visual Arts HL
0%
Arts IB Visual Arts SL
0%
Arts Independent Study Honors
0%
CTE Interior Design I
0%
CTE Interior Design II Honors
0%
CTE Introduction to Computer Science
0%
Arts Jazz Band Honors
0%
Arts Jazz Band Intermediate
0%
English Leadership in Media Honors
0%
Arts Magnet Piano Lab
0%
CTE Marketing Applications
0%
Healthful Living & ROTC Methods of Coaching
0%
CTE Microsoft Word, Power Point
0%
Arts Modern Dance I
0%
Arts Modern Dance II
0%
Arts Modern Dance III Honors
0%
Arts Modern Dance IV Honors
0%
English Newspaper I
0%
English Newspaper II Honors
0%
English Newspaper III Honors
0%
Special Programs Occupational Preparation I
0%
Special Programs Occupational Preparation II
0%
Special Programs Occupational Preparation III
0%
Special Programs Occupational Preparation IV
0%
Special Programs OCS American History II
0%
Special Programs OCS Applied Science
0%
Special Programs OCS Biology
0%
Special Programs OCS Civics
0%
Special Programs OCS English I
0%
Special Programs OCS English II
0%
Special Programs OCS English III
0%
Special Programs OCS English IV
0%
Special Programs OCS Financial Management
0%
Special Programs OCS Introduction to Math
0%
Special Programs OCS Math I
0%
Arts Orchestra II
0%
Arts Orchestra III Honors
0%
Arts Orchestra IV Honors
0%
Science Physical Science
0%
Healthful Living & ROTC Physiology & Fitness of Wellbeing Honors
0%
CTE Python Programming I
0%
CTE Python Programming II Honors
0%
World Languages & ESL Spanish I for Native Speakers
0%
World Languages & ESL Spanish II for Native Speakers
0%
English Speech I
0%
English Speech II Honors
0%
CTE Sports and Entertainment Marketing I
0%
CTE Sports and Entertainment Marketing II Honors
0%
Healthful Living & ROTC Sports Medicine I
0%
Healthful Living & ROTC Sports Medicine II
0%
Healthful Living & ROTC Sports Medicine III Honors
0%
English Study Skills/Academic Coaching
0%
Arts Technical Theater I
0%
Arts Technical Theater II
0%
Arts Theater Arts I
0%
Arts Theater Arts II
0%
Arts Theater Arts III Honors
0%
Arts Theater Arts IV Honors
0%
Arts Vocal Music IV Honors, Acapella
0%
Healthful Living & ROTC Weight Training & Conditioning I
0%
Healthful Living & ROTC Weight Training & Conditioning II
0%
English Yearbook I
0%
English Yearbook II Honors
0%
English Yearbook III Honors
0%
No matching quizzes found
Score Distribution
Percent of People with Each Score
Percentile by Number Answered
Your Score History
You have not taken this quiz